000
00244 a2200097 4500
090
_c
3798
_d
3798
100
_a
Tim Anderson
245
_a
Visual Basic 6 in easy steps
260
_a
Dreamtech Press
_b
New Delhi
_c
2000
942
_a
NBS
_c
BK
_k
005.118 AND
999
_c
346262
_d
346262